Un siglo de evolución artística: de Delacroix a Picasso
Saved in:
| Hovedforfatter: | |
|---|---|
| Format: | Bog |
| Sprog: | spansk |
| Udgivet: |
Buenos Aires
Poseidón
1945
|
| Udgivelse: | 1a. ed |
| Fag: | |
| Tags: |
Tilføj Tag
Ingen Tags, Vær først til at tagge denne postø!
|
MARC
| LEADER | 00000cam a2200000 a 4500 | ||
|---|---|---|---|
| 001 | UCE7432 | ||
| 003 | CL-VaPUC | ||
| 008 | 150612e19450000ag |||||||||||||||||spa|d | ||
| 082 | 0 | 4 | |a 759.4 |b HAU |2 21 |
| 100 | 0 | |a Hausenstein, Wilhelm |e author |9 580106 | |
| 245 | 1 | 3 | |a Un siglo de evolución artística: de Delacroix a Picasso |
| 250 | |a 1a. ed | ||
| 300 | |a 403 p | ||
| 942 | |c BK | ||
| 945 | |d 20150612 13:50:00 |a dcastane | ||
| 260 | |a Buenos Aires |b Poseidón |c 1945 | ||
| 650 | 7 | |a HISTORIA DE LA PINTURA |2 CL-VaPUC |9 500518 | |
| 650 | 7 | |a PINTURA SIGLO 19 |2 CL-VaPUC |9 341251 | |
| 650 | 7 | |a PINTURA SIGLOS 18 - 19 |2 CL-VaPUC |9 455024 | |
| 583 | |a last modification |c 20150619 03:13:17 |k Rodrigo Vera | ||
| 999 | |c 359527 |d 359525 | ||
| 952 | |0 0 |1 0 |3 erd |4 0 |6 759_400000000000000_HAU_1945 |7 0 |8 P |9 468731 |a BIBARQ |b BIBARQ |i 5163579 |o 759.4 HAU 1945 |p 5163579 |r 2025-01-20 |w 2019-11-23 |y BK |z Catalogado en:20150612 |k ARQ | ||